000 00879nam a2200229Ia 4500
001 L221-4743
003 IT-CnALBA
008 170116s9999||||xx |||||||||||||| ||und||
040 _aIT-CnALBA
_cIT-CnALBA
041 _aITALIANO
100 _aSCHEDL CLAUS
245 0 _aSTORIA DELL'ANTICO TESTAMENTO. VOL. II. DA SAMUELE A SALOMONE.
250 _a1a ed.
260 _aCINISELLO BALSAMO (MI)
_bEDIZIONI PAOLINE
_c1961 [1° Ed.:1961]
300 _a424 p.
500 _aDOPPIONE ELEGANTEMENTE RIVESTITO. CONFRONTA DOCUMENTO 4738. PRESENTAZIONE DI RAVASI GIANFRANCO.
501 _aSocietà San Paolo EM - Piazza San Paolo, 14 - 12051 ALBA (CN) (non commercial uses only) ® Copyright 2017
520 _aDOPPIONE ELEGANTEMENTE RIVESTITO. CONFRONTA DOCUMENTO 4738. PRESENTAZIONE DI RAVASI GIANFRANCO.
650 _aANTICO TESTAMENTO
942 _cBK
957 _71
999 _a5726
_bNO
_g Copie: 1
_c263934
_d263934